000 00289nam a22001337a 4500
008 210518b ||||| |||| 00| 0 eng d
041 _aeng
080 _22nd
_a101
082 _a101
100 _a24
101 _aFIL
245 _aIntroduction to Aristotle
_cMcKeon,R
942 _2udc
_cBK
999 _c57375
_d57375